Ramopakhyana - the story of Rama in the Mahabharata (Record no. 966350)

MARC details
000 -LEADER
fixed length control field 00749nam a2200253Ia 4500
003 - CONTROL NUMBER IDENTIFIER
control field OSt
005 - DATE AND TIME OF LATEST TRANSACTION
control field 20221005060212.0
008 - FIXED-LENGTH DATA ELEMENTS--GENERAL INFORMATION
fixed length control field 221004b |||||||| |||| 00| 0 eng d
020 ## - INTERNATIONAL STANDARD BOOK NUMBER
International Standard Book Number 0700713905
037 ## - SOURCE OF ACQUISITION
Terms of availability Textual
040 ## - CATALOGING SOURCE
Original cataloging agency CRL
Transcribing agency CRL
Language of cataloging eng
041 ## - LANGUAGE CODE
Source of code eng
Language code of text/sound track or separate title eng
100 ## - MAIN ENTRY--PERSONAL NAME
Personal name Scharf Peter
9 (RLIN) 451833
245 #0 - TITLE STATEMENT
Title Ramopakhyana - the story of Rama in the Mahabharata
Remainder of title An independent - study reader in Sanskrit
260 ## - PUBLICATION, DISTRIBUTION, ETC.
Place of publication, distribution, etc. London
Name of publisher, distributor, etc. Rotledge Curzon Great Britain
Date of publication, distribution, etc. 2003
300 ## - PHYSICAL DESCRIPTION
Extent 945p.
Dimensions cm.
650 ## - SUBJECT ADDED ENTRY--TOPICAL TERM
Topical term or geographic name entry element ENGLISH LITERATURE
942 ## - ADDED ENTRY ELEMENTS (KOHA)
Classification part O15,1A2,MR, 111P3
Koha item type Textual
Source of classification or shelving scheme
Holdings
Withdrawn status Lost status Damaged status Not for loan Home library Current library Date acquired Total Checkouts Full call number Barcode Date last seen Price effective from Koha item type
        Central Library Central Library 2022-10-05   O15,1A2,MR 111P3 CL1178821 2022-10-05 2022-10-05 Textual
Copyright @ Delhi University Library System